header

Talking Shakespeare (Record no. 74457)

MARC details
000 -LEADER
fixed length control field 01322nam a2200337Ia 4500
082 04 - DEWEY DECIMAL CLASSIFICATION NUMBER
Classification number 822.33
245 00 - TITLE STATEMENT
Title Talking Shakespeare
260 ## - PUBLICATION, DISTRIBUTION, ETC. (IMPRINT)
Place of publication Basingstoke :
Name of publisher Palgrave,
Year of publication 2001.
300 ## - PHYSICAL DESCRIPTION
Number of Pages ix, 253 p.
650 #0 - SUBJECT ADDED ENTRY--TOPICAL TERM
Topical Term English drama
700 1# - ADDED ENTRY--PERSONAL NAME
Personal name Cartmell, Deborah.
Personal name Scott, Michael,
856 40 - ELECTRONIC LOCATION AND ACCESS
Uniform Resource Identifier http://site.ebrary.com/lib/rucke/Doc?id=10046634

No items available.

© 2026 Rongo University
Contact us: librarian | system librarian | Rongo university